000 005170000a22001570004500
041 0 _aENG
082 0 4 _aG 801.956 P6981r
245 1 0 _aRecord of a friendship : The correspondence between Wilhelm Reich and A.S. Neill 1936-1957 / Beverley R. Placzek, Edición e introducción
260 _aNew York, N.Y., USA : Farrar,Straus and Giroux
300 _aXVIII, 429 Pag
001 10651
942 _cBK
999 _c40139
_d40139
336 _atexto
_btxt
_2rdacontent
337 _2rdamedia
_asin mediación
_bn
338 _2rdacarrier
_avolumen
_bnc